| 000 | 00596nam a2200169 4500 | ||
|---|---|---|---|
| 001 | 127917 | ||
| 003 | ES-MaACL | ||
| 005 | 20230906193123.0 | ||
| 007 | t| | ||
| 008 | 070214s1961 sp r ||||1| spa d | ||
| 100 | 1 |
_aRío Ortega, Serapio del. _997333 |
|
| 245 | 1 | 0 |
_aProducciones y productos ganaderos / _cSerapio del Río Ortega. |
| 260 |
_aZaragoza : _bCaja de Ahorros y Monte de Piedad de Zaragoza, Aragón y Rioja, _c1961. |
||
| 300 |
_a222 p. : _bil. ; _c24 cm. |
||
| 710 | 2 |
_aCaja de Ahorros y Monte de Piedad de Zaragoza, Aragón y Rioja. _92326 |
|
| 852 |
_aES-MaACL _jC-17612 _bR.48024 |
||
| 999 |
_c127917 _d127917 |
||